| 000 | 00573nam a2200205 a 4500 | ||
|---|---|---|---|
| 003 | OSt | ||
| 005 | 20191213094740.0 | ||
| 008 | 191213b ||||| |||| 00| 0 eng d | ||
| 020 | _a9788130908632 | ||
| 040 | _coclc | ||
| 082 | 0 | 0 |
_a338.5 _bVAR/M |
| 100 | 1 | _aVarian, Hal R. | |
| 245 | 1 | 0 |
_aMicroeconomic analysis / _cHal R Varian |
| 250 | _a3rd ed. | ||
| 260 |
_aViva Books, _bNew Delhi: _c2009. |
||
| 300 | _a506p | ||
| 504 | _aIncludes bibliographies and index. | ||
| 650 | 0 | _aMicroeconomics. | |
| 942 |
_2ddc _cBK _h338.5 _iVAR/M _k338.5 _mVAR/M |
||
| 999 |
_c10995 _d10995 |
||